VZŤAH MEDZI ÚSPEŠNOSŤOU STREĽBY A ČASOM PRÍPRAVY NA STREĽBU U BIATLONISTOV JUNIORSKÉHO VEKU

Bibliographic Details
Main Author: Paugschová, Božena (Author)
Format: Article
Language:Slovak
ISBN:8022712531

MARC

LEADER 00000naa a2200000uu 4500
001 vtls010943464
003 SK-MaSNL
005 20260302121427.0
008 210902|1999 xo |||||||||||||||||slo|
015 |a SNBRA 
035 |a (urnnbn)urn:nbn:sk:snk:ar-a0bdos 
035 |a (uuid)507aea02-14c2-4e7c-9ced-cbe6a367cb0b 
035 |a urn:nbn:sk:snk-aau5ws 
040 |a SNKBUCL  |b slo  |c SNKBUCL  |e AACR2 
041 0 |a slo 
044 |a xo  |c SK 
100 1 |a Paugschová, Božena  |4 aut  |9 49150 
245 1 0 |a VZŤAH MEDZI ÚSPEŠNOSŤOU STREĽBY A ČASOM PRÍPRAVY NA STREĽBU U BIATLONISTOV JUNIORSKÉHO VEKU  |c Božena Paugschová 
773 0 |t Telesná výchova a šport na základných a stredných školách v SR  |d Bratislava : Slovenská technická univerzita, 1999  |g S. 42-47  |z 8022712531 
958 |a OND 
958 |a article11 
958 |a chapter 
999 |c 1274009  |d 1275939